| 000 | 01468cam a22003614a 4500 | ||
|---|---|---|---|
| 001 | 12537593 | ||
| 003 | OSt | ||
| 005 | 20230919130523.0 | ||
| 008 | 010918s2002 mdu b 001 0 eng | ||
| 010 | _a 2001050240 | ||
| 020 | _a0739103385 (alk. paper) | ||
| 020 | _a0739103393 (pbk. : alk. paper) | ||
| 040 |
_aDLC _cDLC _dDLC |
||
| 042 | _apcc | ||
| 043 |
_ae------ _af------ _aa------ |
||
| 050 | 0 | 0 |
_aD1056.2.A7 _bM87 2002 |
| 082 | 0 | 0 |
_a305.697104 _bALS/M |
| 245 | 0 | 0 |
_aMuslim Europe or Euro-Islam : _bpolitics, culture, and citizenship in the age of globalization / _cedited by Nezar AlSayyad and Manuel Castells. |
| 260 |
_aLanham, Md. : _bLexington Books ; _aBerkeley : _bCenter for Middle Eastern Studies, University of California at Berkeley, _cc2002. |
||
| 300 |
_aviii, 204 p. ; _c23 cm. |
||
| 440 | 0 | _aTransnational perspectives | |
| 504 | _aIncludes bibliographical references (p. [193]-195) and index. | ||
| 650 | 0 |
_aMuslims _zEurope. |
|
| 650 | 0 |
_aIslam _zEurope. |
|
| 651 | 0 |
_aEurope _xEthnic relations. |
|
| 651 | 0 |
_aIslamic countries _xRelations _zEurope. |
|
| 651 | 0 |
_aEurope _xRelations _zIslamic countries. |
|
| 700 | 1 |
_aAlSayyad, Nezar _99519 |
|
| 700 | 1 |
_aCastells, Manuel, _d1942- |
|
| 906 |
_a7 _bcbc _corignew _d1 _eocip _f20 _gy-gencatlg |
||
| 942 |
_2ddc _cBK _h305.697104 _iALS/M _k305.697104 _mALS/M |
||
| 999 |
_c42287 _d42287 |
||